000 00462nam a2200193Ia 4500
008 170918s9999 xx 000 0 und d
020 _a9780545046329
050 _bP332 1996
100 _aPaulsen, Gary
245 _aPuppies, dogs, and blue northers /
245 _cGary Paulsen.
260 _aNew York :
260 _bScholastic,
260 _c1996
300 _a81 pages :
300 _bcolored illustration ;
300 _c19cm.
500 _a1280
999 _c342387
_d342387